000 00697nam a2200289Ia 4500
005 20260324111425.0
008 008 260324s9999 xx 000 0 eng d
020 _a9781032688008
037 _aEBOOK
040 _aCRL
040 _beng
040 _cCRL
041 _2eng
041 _aeng
084 _qCRL
100 _aElizabeth Éowyn Nelson; Anthony Delmedico
_91138501
245 4 _aThe Art of Jungian Couples Therapy
245 3 _bAn Introduction
260 _bTaylor and Francis
260 _c2025
365 _a
365 _b220
856 _uhttp://www.taylorfrancis.com/books/9781032688008
942 _cEBOOK
999 _c1727318
_d1727318